Religion Quiz

Random Religion or Bible Quiz
Score 0/9 Timer 03:00
1 Play Today
Book % Correct
John
89.6%
Mark
86%
Ruth
77.7%
Acts
70.5%
Romans
55.5%
Joshua
48.4%
Jonah
38.6%
Amos
37.3%
Nahum
26.8%
Remove Ads.
Support Sporcle.
Get the best of Sporcle when you Go Orange. This ad-free experience offers more features, more stats, and more fun while also helping to support Sporcle. Thank you for becoming a member.

You're not logged in!

Compare scores with friends on all Sporcle quizzes.
OR
Log In

Show Comments

Extras

Top Quizzes Today


Score Distribution

Your Account Isn't Verified!

In order to create a playlist on Sporcle, you need to verify the email address you used during registration. Go to your Sporcle Settings to finish the process.

Report this User

Report this user for behavior that violates our Community Guidelines.

Details: